[Event "NOR-chT Codanserien 2017-18"]
[Site "Oslo"]
[Date "2018.01.14"]
[Round "6"]
[White "Galchenko, Matvey"]
[Black "Tisdall, Jonathan D"]
[Result "1/2-1/2"]
[WhiteElo "2367"]
[BlackElo "2403"]
[Annotator "ChessBase"]
[PlyCount "93"]
[EventDate "2018.??.??"]
[EventType "team-tourn"]
[EventCountry "NOR"]
[SourceTitle "playchess.com"]
[Source "ChessBase"]
[SourceQuality "1"]
[TimeControl "40/5400+30:1800+30"]

1. c4 {[%emt 0:00:00]} c6 {[%emt 0:09:08]} 2. e4 {[%emt 0:01:04]} e5 {[%emt 0:00:10]} 3. Nf3 {[%emt 0:02:10]} Nf6 {[%emt 0:00:30]} 4. Nc3 {[%emt 0:03:30]} d6 {[%emt 0:00:46]} 5. d4 {[%emt 0:00:58]} Nbd7 {[%emt 0:00:05]} 6. Be2 {[%emt 0:01:25]} Be7 {[%emt 0:00:07]} 7. O-O {[%emt 0:00:17]} O-O {[%emt 0:00:05]} 8. Re1 {[%emt 0:02:30]} Re8 {[%emt 0:00:15]} 9. h3 {[%emt 0:02:32]} Qc7 {[%emt 0:00:56]} 10. Bf1 {[%emt 0:01:58]} a6 {[%emt 0:04:29]} 11. d5 {[%emt 0:04:54]} a5 {[%emt 0:16:37]} 12. b3 {[%emt 0:04:53]} Nc5 {[%emt 0:02:15]} 13. Ba3 {[%emt 0:08:24]} Bd7 {[%emt 0:00:27]} 14. Rc1 {[%emt 0:09:29]} Rec8 {[%emt 0:05:47]} 15. dxc6 {[%emt 0:03:32]} Qxc6 {[%emt 0:13:33]} 16. Nd2 {[%emt 0:04:54]} Qb6 {[%emt 0:07:31]} 17. Qe2 {[%emt 0:06:30]} Ne6 {[%emt 0:05:58]} 18. Nf3 {[%emt 0:04:53]} Nd4 {[%emt 0:07:33]} 19. Qd3 {[%emt 0:05:19]} Nxf3+ {[%emt 0:04:16]} 20. Qxf3 {[%emt 0:00:35]} a4 {[%emt 0:05:32]} 21. b4 {[%emt 0:03:42]} Qa7 {[%emt 0:00:31]} 22. Qd1 {[%emt 0:01:41]} Be6 {[%emt 0:00:27]} 23. Nd5 {[%emt 0:01:39]} Bxd5 {[%emt 0:00:21]} 24. exd5 {[%emt 0:01:26]} b6 {[%emt 0:01:08]} 25. Qf3 {[%emt 0:02:26]} Qd7 {[%emt 0:01:02]} 26. Bd3 {[%emt 0:00:43]} g6 {[%emt 0:00:34]} 27. Kh2 {[%emt 0:02:49]} Nh5 {[%emt 0:01:07]} 28. Bf1 {[%emt 0:03:01]} f5 {[%emt 0:01:05]} 29. Qe3 {[%emt 0:01:23]} Rab8 {[%emt 0:00:31]} 30. c5 {[%emt 0:01:31]} bxc5 {[%emt 0:04:01]} 31. bxc5 {[%emt 0:01:21]} dxc5 {[%emt 0:02:05]} 32. Bxc5 {[%emt 0:00:32]} e4 {[%emt 0:00:51]} 33. g3 {[%emt 0:01:39]} Bxc5 {[%emt 0:03:34]} 34. Rxc5 {[%emt 0:00:02]} Rxc5 {[%emt 0:00:07]} 35. Qxc5 {[%emt 0:00:05]} Rb2 {[%emt 0:00:04]} 36. Qd4 {[%emt 0:01:21]} Qg7 {[%emt 0:00:18]} 37. Qe3 {[%emt 0:03:43]} Qe5 {[%emt 0:00:23]} 38. Rc1 {[%emt 0:02:26]} f4 {[%emt 0:01:24]} 39. gxf4 {[%emt 0:00:12]} Nxf4 {[%emt 0:00:11]} 40. Kh1 {[%emt 0:00:50]} Kg7 {[%emt 0:31:59]} 41. Rd1 {[%emt 0:30:47]} Rxa2 {[%emt 0:00:00]} 42. d6 {[%emt 0:00:00]} Ra1 {[%emt 0:00:00]} 43. Rxa1 {[%emt 0:00:00]} Qxa1 {[%emt 0:00:00]} 44. Qxf4 {[%emt 0:00:00]} Qxf1+ {[%emt 0:00:00]} 45. Kh2 {[%emt 0:00:00]} Qd3 {[%emt 0:00:00]} 46. Qe5+ {[%emt 0:00:00]} Kh6 {[%emt 0:00:00]} 47. Qf4+ {[%emt 0:00:00]} 1/2-1/2

[Event "NOR-chT Codanserien 2017-18"]
[Site "Oslo"]
[Date "2018.01.14"]
[Round "6"]
[White "Fossan, Erik"]
[Black "Bosiocic, Marin"]
[Result "1/2-1/2"]
[WhiteElo "2345"]
[BlackElo "2628"]
[Annotator "TA"]
[PlyCount "130"]
[EventDate "2018.??.??"]
[EventType "team-tourn"]
[EventCountry "NOR"]
[SourceTitle "playchess.com"]
[Source "ChessBase"]
[SourceQuality "1"]

{[%evp 24,130,12,-10,28,33,29,22,36,27,21,25,39,4,9,2,0,-9,-4,-2,14,-14,-4,-6,-2,-6,0,0,0,0,0,0,18,14,25,36,31,12,22,25,187,83,73,22,84,14,12,20,43,10,17,8,12,0,10,-31,-14,-14,-14,-14,-14,-2,0,-62,-14,-14,-18,-167,-146,-136,-146,-304,-123,-111,-106,-111,-102,-214,-215,-493,-173,-197,-8,-8,-8,-8,-8,-8,0,-8,-8,-8,-8,-8,-8,-8,-8,-8,-8,-8,0,-8,0,0,0,0,8,0,0]} 1. e4 c5 2. c3 d5 3. exd5 Qxd5 4. d4 Nf6 5. Nf3 e6 6. Be2 Nc6 7. O-O cxd4 8. cxd4 Be7 9. Nc3 Qd6 10. Nb5 Qd8 11. Bf4 Nd5 12. Bg3 O-O 13. Bc4 {LiveBook: 92 Games. B22: Sicilian: 2 c3} Qb6 (13... a6 14. Nc3 Nxc3 15. bxc3 b5 16. Bd3 Bb7 17. a4 b4 18. Rb1 Bf6 19. Be4 a5 20. cxb4 axb4 21. Bxc6 {½-½ (21) Zvjaginsev,V (2660)-Moiseenko,A (2692) Berlin 2015}) 14. Qe2 a6 15. Nc3 {White has an edge.} Rd8 16. Rfd1 $146 ({Predecessor:} 16. Rac1 Nf6 17. Be5 Ng4 18. Rfd1 Ngxe5 19. dxe5 Bd7 20. Bd3 Nb4 {½-½ (45) Proschmann,T (2100)-Rohr,D GER corr 1997}) 16... Qa5 17. Rac1 Bd7 18. Nxd5 exd5 19. Bb3 Be6 20. Bh4 Bxh4 21. Nxh4 Re8 22. Qf3 Qb4 23. Qc3 Qxc3 24. Rxc3 Bg4 25. f3 Bd7 {And now ...g5 would win.} 26. g4 (26. Bxd5 g5 $17) 26... Re2 27. Rc2 Rae8 28. Rdd2 Re1+ 29. Kf2 $1 Rh1 30. Kg3 g5 31. Ng2 Re7 $2 (31... Kg7 $11) 32. a3 (32. Rc5 $1 $18 {and the rest is easy.}) 32... Be6 $16 33. f4 (33. Ne3 $16) 33... f6 (33... gxf4+ $11 34. Nxf4 Rg1+ 35. Rg2 Rf1) 34. fxg5 (34. Rc5 $16) 34... fxg5 $11 35. Rc5 Rd7 36. Ba4 Rd6 37. Bxc6 bxc6 38. Rdc2 Bd7 39. Ra5 Re6 {next ...Re4 is good for Black.} 40. Rxa6 Re4 41. h3 (41. Ra8+ Kf7 $17) 41... Kf7 (41... Rxd4 $6 42. Ra7 $14) 42. b4 Rb1 43. Ra8 (43. Kf2 $11) 43... Rb3+ $15 44. Kh2 h5 45. Ra2 (45. gxh5 Rxh3+ 46. Kg1 Rxd4 $17) (45. Ra7 $11 {and White is okay.} Ke8 46. gxh5) 45... hxg4 46. hxg4 Bxg4 47. a4 $2 (47. Rf2+ $17 {was worth a try.} Ke7 48. Rg8) 47... Bd7 ({Don't take} 47... Rxb4 48. a5 $19) (47... Rh3+ $19 48. Kg1 Rxd4) 48. a5 $17 {[#] Threatens to win with a6.} g4 $1 {[%cal Bg5g4,Bg4g3][%mdl 32] ( -> ...g3+)} ({Much weaker is} 48... Rxb4 $6 49. a6 $11) 49. Ra1 {Hoping for a6.} g3+ ({But not} 49... Rxb4 $6 50. Rd8 $11) 50. Kh1 (50. Kg1 $17) 50... Rxd4 $19 51. Rd8 $2 (51. a6 {is a better defense.} Rdxb4 52. Re1) 51... Ke7 $2 (51... Bf5 52. b5 Bb1) 52. a6 Rdxb4 $2 (52... Kxd8 $19 53. a7 {[#]} Rd1+ $1 {[%mdl 512]} 54. Rxd1 Ra3) 53. a7 $11 {The position is equal.} Rb1+ 54. Rxb1 Rxb1+ 55. Ne1 $132 {[%mdl 2048] White is not keeping still} Rxe1+ {[%mdl 4096] Endgame KRB-KR} 56. Kg2 Ra1 57. a8=Q Rxa8 58. Rxa8 {KR-KB} c5 59. Kxg3 d4 {[%cal Bd5d4,Bd4d3][%mdl 32]} 60. Ra6 d3 {aiming for ...d2.} 61. Kf3 Bb5 (61... d2 $5 62. Ra1 $8 c4 $11) 62. Ra2 Kd6 63. Ke4 Kc6 64. Rd2 Kb6 65. Rxd3 Bxd3+ {Precision: White = 43%, Black = 50%.} 1/2-1/2

[Event "NOR-chT Codanserien 2017-18"]
[Site "Oslo"]
[Date "2018.01.14"]
[Round "6"]
[White "Stokke, Kjetil"]
[Black "Hobber, Anders"]
[Result "1/2-1/2"]
[WhiteElo "2336"]
[BlackElo "2301"]
[Annotator "ChessBase"]
[PlyCount "39"]
[EventDate "2018.??.??"]
[EventType "team-tourn"]
[EventCountry "NOR"]
[SourceTitle "playchess.com"]
[Source "ChessBase"]
[SourceQuality "1"]
[TimeControl "40/5400+30:1800+30"]

1. d4 {[%emt 0:00:00]} d5 {[%emt 0:00:59]} 2. c4 {[%emt 0:00:00]} c6 {[%emt 0:00:33]} 3. cxd5 {[%emt 0:00:28]} cxd5 {[%emt 0:04:20]} 4. Bf4 {[%emt 0:00:54]} Nc6 {[%emt 0:00:38]} 5. e3 {[%emt 0:00:09]} Nf6 {[%emt 0:00:59]} 6. Nc3 {[%emt 0:00:07]} e6 {[%emt 0:04:28]} 7. Nf3 {[%emt 0:01:07]} Bd6 {[%emt 0:01:16]} 8. Bxd6 {[%emt 0:04:39]} Qxd6 {[%emt 0:00:27]} 9. Bd3 {[%emt 0:00:08]} O-O {[%emt 0:00:23]} 10. O-O {[%emt 0:00:19]} Bd7 {[%emt 0:01:17]} 11. a3 {[%emt 0:02:29]} Rfc8 {[%emt 0:03:45]} 12. Qe2 {[%emt 0:01:04]} a6 {[%emt 0:08:12]} 13. Rad1 {[%emt 0:02:35]} Be8 {[%emt 0:07:18]} 14. e4 {[%emt 0:05:24]} dxe4 {[%emt 0:00:46]} 15. Nxe4 {[%emt 0:00:08]} Qe7 {[%emt 0:05:57]} 16. Nc3 {[%emt 0:06:35]} Rd8 {[%emt 0:01:57]} 17. Rfe1 {[%emt 0:01:05]} Qd6 {[%emt 0:10:42]} 18. Bb1 {[%emt 0:11:14]} Rac8 {[%emt 0:02:33]} 19. Ba2 {[%emt 0:01:07]} Ne7 {[%emt 0:03:57]} 20. Ne5 {[%emt 0:10:52]} 1/2-1/2

[Event "NOR-chT Codanserien 2017-18"]
[Site "Oslo"]
[Date "2018.01.14"]
[Round "6"]
[White "Hole, Oystein"]
[Black "Haldorsen, Benjamin"]
[Result "0-1"]
[WhiteElo "2334"]
[BlackElo "2405"]
[Annotator "ChessBase"]
[PlyCount "62"]
[EventDate "2018.??.??"]
[EventType "team-tourn"]
[EventCountry "NOR"]
[SourceTitle "playchess.com"]
[Source "ChessBase"]
[SourceQuality "1"]
[TimeControl "40/5400+30:1800+30"]

1. Nf3 Nf6 {[%emt 0:04:40]} 2. c4 {[%emt 0:00:00]} g6 {[%emt 0:00:40]} 3. Nc3 {[%emt 0:00:00]} Bg7 {[%emt 0:00:26]} 4. e4 {[%emt 0:00:10]} d6 {[%emt 0:00:26]} 5. d4 {[%emt 0:00:08]} O-O {[%emt 0:00:08]} 6. Be2 {[%emt 0:00:04]} e5 {[%emt 0:00:18]} 7. O-O {[%emt 0:00:07]} Nc6 {[%emt 0:00:05]} 8. d5 {[%emt 0:00:24]} Ne7 {[%emt 0:00:12]} 9. b4 {[%emt 0:00:17]} a5 {[%emt 0:00:32]} 10. bxa5 {[%emt 0:01:23]} c5 {[%emt 0:02:17]} 11. Bd2 h6 {[%emt 0:01:25]} 12. a4 {[%emt 0:06:19]} Ne8 {[%emt 0:01:18]} 13. Ra3 {[%emt 0:03:55]} f5 {[%emt 0:04:55]} 14. Ne1 {[%emt 0:01:59]} Nf6 {[%emt 0:02:49]} 15. exf5 {[%emt 0:05:44]} Nxf5 16. Bd3 Rxa5 {[%emt 0:10:05]} 17. f4 {[%emt 0:04:38]} exf4 {[%emt 0:06:30]} 18. Rxf4 {[%emt 0:01:51]} Nh5 {[%emt 0:14:26]} 19. Rf3 {[%emt 0:01:58]} Bd4+ {[%emt 0:06:59]} 20. Kh1 {[%emt 0:00:20]} Qh4 {[%emt 0:06:55]} 21. Bxf5 {[%emt 0:37:27]} Bxf5 {[%emt 0:11:25]} 22. Ne2 {[%emt 0:02:20]} Raa8 {[%emt 0:03:05]} 23. Nxd4 {[%emt 0:05:15]} Qxd4 {[%emt 0:00:10]} 24. Nc2 {[%emt 0:00:59]} Qb2 {[%emt 0:08:39]} 25. Rac3 {[%emt 0:04:22]} Rxa4 {[%emt 0:03:18]} 26. Bxh6 {[%emt 0:04:08]} Re8 {[%emt 0:02:10]} 27. Bc1 {[%emt 0:01:54]} Bxc2 {[%emt 0:01:10]} 28. Qd2 {[%emt 0:00:15]} Ra1 {[%emt 0:02:52]} 29. Rf1 {[%emt 0:00:14]} Rxc1 {[%emt 0:00:20]} 30. Rxc1 {[%emt 0:00:10]} Re2 {[%emt 0:00:19]} 31. Rb3 {[%emt 0:01:46]} Bxb3 {[%emt 0:00:27]} 0-1

[Event "NOR-chT Codanserien 2017-18"]
[Site "Oslo"]
[Date "2018.01.14"]
[Round "6"]
[White "Bern, Ivar"]
[Black "Lie, Espen"]
[Result "0-1"]
[WhiteElo "2316"]
[BlackElo "2467"]
[Annotator "TA"]
[PlyCount "72"]
[EventDate "2018.??.??"]
[EventType "team-tourn"]
[EventCountry "NOR"]
[SourceTitle "playchess.com"]
[Source "ChessBase"]
[SourceQuality "1"]

{[%evp 24,72,25,10,11,-37,-34,-35,-35,-35,-35,-35,-35,-35,-35,-35,-27,-33,-39,-29,-16,-37,-22,-29,0,-63,-54,-52,-66,-94,-84,-80,-83,-93,-83,-90,-15,-78,-78,-235,-223,-236,-170,-299,-291,-289,-303,-464,-445,-858,-848]} 1. c4 Nf6 2. g3 g6 3. Bg2 Bg7 4. Nc3 O-O 5. e4 c5 6. Nge2 Nc6 7. O-O Ne8 {[%cal Bf6e8,Be8c7,Bc7e6,Be6d4][%mdl 32]} 8. d3 Nc7 9. a3 Ne6 10. Rb1 a5 11. Nb5 d6 12. Be3 Bd7 {A36: Englische Eröffnung (Botwinnik-Variante)} 13. f4 {LiveBook: 3 Partien} a4 14. h3 Ned4 {Schwarz steht etwas besser.} 15. Nbxd4 $146 ({Vorgänger:} 15. Nec3 Nxb5 16. Nxb5 Qb6 17. b4 axb3 18. Rxb3 Qd8 19. Rb1 Na7 20. Nxa7 Rxa7 {0-1 (51) Berkovich,M (2428)-Gruenfeld,Y (2479) Israel 1999}) 15... Nxd4 16. Nxd4 cxd4 17. Bd2 b5 18. cxb5 Bxb5 19. Bb4 Rc8 20. h4 Qd7 21. Kh2 Rc7 22. Rf2 Qe6 23. b3 axb3 {[#] zielt auf ...La4 ab.} 24. f5 ({Lieber} 24. Bh3 $11 f5 25. exf5 gxf5 26. Qxb3 Qxb3 27. Rxb3) 24... Qc8 $15 {...Tc2 ist eine echte Drohung.} 25. Qxb3 Qa6 26. fxg6 hxg6 27. Bf1 Ba4 28. Qa2 Be5 29. Bd2 e6 (29... Rc2 $17 30. Rb2 Rxb2 31. Qxb2 Rc8) 30. Rb2 (30. Bh6 $1 $11 Rfc8 31. Qe2) 30... Rfc8 $17 {[%cal Bf8c8,Bc8c7,Bc7c1,Bc1b1][%mdl 32]} 31. Bb4 $2 (31. Kh3 $17) 31... Rc1 $19 32. Rbd2 R8c7 $36 {[%mdl 2048] Schwarz hat starke Initiative.} 33. Bh3 (33. Kg2 {war angesagt.}) 33... Kg7 34. Qb2 Re1 35. Bf1 (35. Rde2 {kämpft weiter.} Qxd3 {[#]} 36. Rxf7+ $1 {[%mdl 512]} Rxf7 37. Bxe1) 35... Rcc1 36. Kg2 (36. Rxf7+ $142 Kxf7 37. Rf2+ Ke7 38. Bxe1 Rxe1 39. Rf3) 36... Rb1 {Precision: Weiß = 38%, Schwarz = 67%.} 0-1

[Event "NOR-chT Codanserien 2017-18"]
[Site "Oslo"]
[Date "2018.01.14"]
[Round "6"]
[White "Risting, Eivind Olav"]
[Black "Berg, Johan"]
[Result "1/2-1/2"]
[WhiteElo "2309"]
[BlackElo "2212"]
[Annotator "ChessBase"]
[PlyCount "35"]
[EventDate "2018.??.??"]
[EventType "team-tourn"]
[EventCountry "NOR"]
[SourceTitle "playchess.com"]
[Source "ChessBase"]
[SourceQuality "1"]
[TimeControl "40/5400+30:1800+30"]

1. d4 {[%emt 0:00:16]} Nf6 {[%emt 0:00:19]} 2. Bg5 {[%emt 0:00:37]} Ne4 {[%emt 0:00:27]} 3. Bf4 {[%emt 0:00:05]} c5 {[%emt 0:03:09]} 4. f3 {[%emt 0:00:15]} Nf6 {[%emt 0:02:52]} 5. dxc5 {[%emt 0:00:31]} Qa5+ {[%emt 0:00:47]} 6. Qd2 {[%emt 0:03:04]} Qxc5 {[%emt 0:04:41]} 7. Nc3 {[%emt 0:00:52]} d6 {[%emt 0:03:24]} 8. e4 {[%emt 0:00:16]} a6 {[%emt 0:01:45]} 9. Be3 {[%emt 0:01:30]} Qc7 {[%emt 0:01:40]} 10. O-O-O {[%emt 0:00:10]} h5 {[%emt 0:12:47]} 11. Nge2 {[%emt 0:06:51]} Nbd7 {[%emt 0:05:26]} 12. Kb1 {[%emt 0:10:25]} b5 {[%emt 0:14:23]} 13. Nf4 {[%emt 0:24:43]} e6 {[%emt 0:10:09]} 14. Qf2 {[%emt 0:17:16]} Rb8 {[%emt 0:07:39]} 15. Rg1 {[%emt 0:02:08]} Ne5 {[%emt 0:01:25]} 16. Ba7 {[%emt 0:12:30]} Rb7 {[%emt 0:01:18]} 17. Bd4 {[%emt 0:00:06]} Bd7 {[%emt 0:03:11]} 18. Nd3 {[%emt 0:03:10]} 1/2-1/2

[Event "NOR-chT Codanserien 2017-18"]
[Site "Oslo"]
[Date "2018.01.14"]
[Round "6"]
[White "Gabrielsen, Stig"]
[Black "Andersen, Alf R"]
[Result "1-0"]
[WhiteElo "2307"]
[BlackElo "2164"]
[Annotator "ChessBase"]
[PlyCount "153"]
[EventDate "2018.??.??"]
[EventType "team-tourn"]
[EventCountry "NOR"]
[SourceTitle "playchess.com"]
[Source "ChessBase"]
[SourceQuality "1"]
[TimeControl "40/5400+30:1800+30"]

1. e4 {[%emt 0:00:00]} e6 {[%emt 0:00:19]} 2. d4 {[%emt 0:00:00]} d5 {[%emt 0:00:09]} 3. Nc3 {[%emt 0:00:00]} Bb4 {[%emt 0:00:12]} 4. e5 {[%emt 0:00:08]} c5 {[%emt 0:00:06]} 5. a3 {[%emt 0:00:06]} Bxc3+ {[%emt 0:00:05]} 6. bxc3 {[%emt 0:00:09]} Qa5 {[%emt 0:00:37]} 7. Bd2 {[%emt 0:00:12]} Qa4 {[%emt 0:00:16]} 8. Qg4 {[%emt 0:00:40]} g6 {[%emt 0:00:19]} 9. Nf3 {[%emt 0:00:51]} Nc6 {[%emt 0:10:24]} 10. Be2 {[%emt 0:09:39]} Bd7 {[%emt 0:06:59]} 11. O-O {[%emt 0:18:46]} c4 {[%emt 0:04:33]} 12. Rfb1 {[%emt 0:07:04]} O-O-O {[%emt 0:09:22]} 13. Qh4 {[%emt 0:07:36]} h6 {[%emt 0:08:50]} 14. Bd1 {[%emt 0:01:40]} Nge7 {[%emt 0:03:17]} 15. Qf6 {[%emt 0:01:14]} Qa5 {[%emt 0:11:29]} 16. a4 {[%emt 0:01:35]} Rh7 {[%emt 0:06:52]} 17. Rb5 {[%emt 0:03:05]} Qc7 {[%emt 0:00:16]} 18. Rab1 {[%emt 0:00:59]} Ng8 {[%emt 0:09:14]} 19. Qh4 {[%emt 0:00:26]} Na5 {[%emt 0:01:50]} 20. R5b4 {[%emt 0:05:15]} Bc6 {[%emt 0:00:33]} 21. Bc1 {[%emt 0:01:10]} Qd7 {[%emt 0:03:39]} 22. Ra1 {[%emt 0:02:35]} Ne7 {[%emt 0:01:51]} 23. Qh3 {[%emt 0:05:37]} Rdh8 {[%emt 0:01:27]} 24. Nd2 {[%emt 0:05:39]} g5 {[%emt 0:03:25]} 25. Bh5 {[%emt 0:01:56]} Qe8 {[%emt 0:03:54]} 26. Nf1 {[%emt 0:00:42]} Nf5 {[%emt 0:03:47]} 27. Qf3 {[%emt 0:07:59]} Kb8 {[%emt 0:03:55]} 28. h3 {[%emt 0:00:53]} Bd7 {[%emt 0:05:08]} 29. Nh2 {[%emt 0:00:59]} Nc6 {[%emt 0:00:47]} 30. Rbb1 {[%emt 0:01:42]} Nh4 {[%emt 0:00:33]} 31. Qd1 {[%emt 0:01:24]} Ne7 {[%emt 0:00:53]} 32. Ng4 {[%emt 0:00:47]} Ng8 {[%emt 0:00:21]} 33. a5 {[%emt 0:03:34]} Qd8 {[%emt 0:00:47]} 34. g3 {[%emt 0:04:15]} Nf5 {[%emt 0:00:12]} 35. Ba3 {[%emt 0:00:44]} Be8 {[%emt 0:00:49]} 36. Ra2 {[%emt 0:02:22]} Ka8 {[%emt 0:00:33]} 37. Bc5 {[%emt 0:03:32]} Ng7 {[%emt 0:00:40]} 38. Bb6 {[%emt 0:01:56]} Qc8 {[%emt 0:00:34]} 39. Nf6 {[%emt 0:01:01]} Nxf6 {[%emt 0:00:12]} 40. exf6 {[%emt 0:00:07]} Nxh5 {[%emt 0:30:47]} 41. Qxh5 {[%emt 0:30:49]} Bc6 {[%emt 0:00:30]} 42. Rb4 {[%emt 0:00:00]} Rg8 {[%emt 0:00:00]} 43. a6 bxa6 {[%emt 0:00:00]} 44. Bc5 {[%emt 0:00:00]} Rg6 {[%emt 0:00:00]} 45. Qe2 {[%emt 0:00:00]} Rh8 {[%emt 0:00:00]} 46. Qe5 {[%emt 0:00:00]} Rd8 {[%emt 0:00:00]} 47. Be7 {[%emt 0:00:00]} Bb5 {[%emt 0:00:00]} 48. Bxd8 {[%emt 0:00:00]} Qxd8 {[%emt 0:00:00]} 49. Rb1 {[%emt 0:00:00]} Rxf6 {[%emt 0:00:00]} 50. Raa1 {[%emt 0:00:00]} Rg6 {[%emt 0:00:00]} 51. Re1 {[%emt 0:00:00]} Kb7 {[%emt 0:00:00]} 52. Kg2 {[%emt 0:00:00]} a5 {[%emt 0:01:07]} 53. Rf1 {[%emt 0:00:05]} a6 {[%emt 0:00:49]} 54. f4 {[%emt 0:03:10]} gxf4 {[%emt 0:00:19]} 55. Qxf4 {[%emt 0:00:41]} f5 {[%emt 0:00:42]} 56. Rf2 {[%emt 0:00:40]} a4 {[%emt 0:00:38]} 57. Re1 {[%emt 0:00:36]} Qf8 {[%emt 0:01:59]} 58. Rfe2 {[%emt 0:00:28]} Bd7 {[%emt 0:00:32]} 59. Kh2 {[%emt 0:00:30]} Qa3 {[%emt 0:01:39]} 60. Rb1+ {[%emt 0:01:10]} Bb5 {[%emt 0:00:21]} 61. Qd2 {[%emt 0:01:17]} h5 {[%emt 0:01:01]} 62. Rbe1 {[%emt 0:01:40]} Bd7 {[%emt 0:00:30]} 63. Rb1+ {[%emt 0:00:48]} Bb5 {[%emt 0:00:04]} 64. Re5 {[%emt 0:00:14]} Ka7 {[%emt 0:01:39]} 65. Rb4 {[%emt 0:00:23]} Qa2 {[%emt 0:00:41]} 66. Re1 {[%emt 0:00:17]} h4 {[%emt 0:00:29]} 67. gxh4 {[%emt 0:00:11]} f4 {[%emt 0:00:23]} 68. Rf1 {[%emt 0:01:26]} Rf6 {[%emt 0:00:32]} 69. h5 {[%emt 0:00:32]} Be8 {[%emt 0:00:29]} 70. Rfb1 {[%emt 0:00:38]} Bb5 {[%emt 0:00:31]} 71. Qc1 {[%emt 0:00:17]} f3 {[%emt 0:00:37]} 72. Kg1 {[%emt 0:00:21]} f2+ {[%emt 0:00:29]} 73. Kf1 {[%emt 0:00:06]} Bc6 {[%emt 0:00:31]} 74. Ra1 {[%emt 0:00:16]} Qxa1 {[%emt 0:00:31]} 75. Qxa1 {[%emt 0:00:08]} a5 {[%emt 0:00:23]} 76. Rb1 {[%emt 0:00:12]} e5 {[%emt 0:00:28]} 77. Qb2 {[%emt 0:00:22]} 1-0

[Event "NOR-chT Codanserien 2017-18"]
[Site "Oslo"]
[Date "2018.01.14"]
[Round "6"]
[White "Tallaksen, Levi Andre"]
[Black "Lie, Kjetil A"]
[Result "1-0"]
[WhiteElo "2296"]
[BlackElo "2537"]
[Annotator "TA"]
[PlyCount "139"]
[EventDate "2018.??.??"]
[EventType "team-tourn"]
[EventCountry "NOR"]
[SourceTitle "playchess.com"]
[Source "ChessBase"]
[SourceQuality "1"]

{[%evp 9,139,39,48,46,55,33,38,12,23,8,16,-20,-10,-54,-56,-37,-19,-56,-48,-79,-83,-90,-93,-127,-127,-132,-120,-298,-151,-158,-149,-241,-16,-16,-12,-13,-12,-13,-23,-25,0,0,0,0,0,-19,0,0,0,0,0,0,0,0,0,-6,0,0,0,0,0,0,0,0,4,0,0,0,0,0,8,8,12,12,12,12,12,12,74,68,204,199,277,278,287,275,321,312,318,314,306,239,289,283,258,203,643,640,668,539,756,661,663,663,782,658,648,650,907,901,1864,1731,1403,1186,4133,4133,1131,761,866,835,1018,1004,961,922,734,657,821,799,768,935,1355,964]} 1. d4 d6 2. Nf3 g6 3. e4 Bg7 4. c3 Nc6 5. Bb5 Bd7 (5... a6 6. Bxc6+ bxc6 7. O-O Nf6 8. Re1 O-O 9. Nbd2 a5 10. b3 a4 11. Ba3 Nh5 12. Nf1 c5 13. e5 cxd4 14. cxd4 {0-1 (28) Zatonskih,A (2424)-Sutovsky,E (2683) Douglas 2017}) 6. O-O {B06: Modern Defence} Nf6 7. Qe2 a6 $146 ({Find the theoretical novelty and annotate with similar games:} 7... O-O 8. e5 Nd5 9. Rd1 a6 10. Bc4 e6 11. Bd3 b5 12. b3 f6 13. exd6 cxd6 {1-0 (49) Van den Doel,E (2571)-Pel,B (2289) Belgium 2017}) 8. Ba4 {White is slightly better.} O-O 9. Rd1 e5 10. Bxc6 Bxc6 11. dxe5 Nxe4 12. Nd4 Qe8 13. Nxc6 Qxc6 14. f3 Nc5 $36 {[%mdl 2048] Keeping White busy.} 15. exd6 Rfe8 16. Qf2 Rad8 (16... cxd6 17. Na3 $15) 17. Bf4 Qa4 $1 {[%cal Ra4d1]} ({Much worse is} 17... cxd6 $6 18. Na3 $11) 18. Qd2 $2 {[#]} (18. Na3 $17 Qxf4 19. Qxc5) 18... Be5 (18... Bh6 $1 $19 {[%mdl 512]} 19. Bxh6 Rxd6) 19. Bxe5 $17 Rxe5 20. Qd4 {[#]} (20. Na3 $17) 20... Rxd6 $2 (20... Qe8 $1 $19 21. Na3 Rxd6) 21. Qxa4 $11 Nxa4 22. Rxd6 cxd6 $19 {[%mdl 4096] Endgame KRN-KRN} 23. b3 $1 {[%cal Rb3a4]} Nb2 {Strongly threatening ...Re1+.} 24. Nd2 d5 25. Kf1 Re3 26. Rb1 Nd3 27. c4 Nf4 28. g3 Rd3 29. Ke1 Ne6 30. cxd5 Rxd5 31. Rc1 Kg7 32. Rc4 Nd4 33. Kf2 b5 34. Rc3 Ne6 35. Ke3 b4 36. Rc4 a5 37. f4 h5 38. Rc6 Nd4 39. Ra6 Nc2+ 40. Ke2 Na3 41. Nc4 Nb1 42. Rxa5 Nc3+ 43. Ke3 Rd1 (43... Nd1+ $11 {keeps the balance.} 44. Kf3 Rxa5 45. Nxa5 Nc3) 44. Ne5 $16 {Ra7 is the strong threat.} Re1+ ({Better is} 44... Rh1 $14) 45. Kd3 $18 h4 (45... Ne4 {is a better defense.} 46. Ra7 Nd6) 46. Ra7 ({Don't take} 46. gxh4 $6 Rf1 $16) 46... hxg3 47. hxg3 Rg1 48. g4 ({Less strong is} 48. Nxf7 Rxg3+ 49. Kc4 Kf6 $16) 48... Kg8 49. Nxf7 Rf1 50. f5 gxf5 51. Nh6+ Kf8 52. Nxf5 {aiming for a4.} Rf2 $2 (52... Rf3+ 53. Kc4 Rf4+ 54. Kc5 Rf2 55. Kxb4 Nxa2+ 56. Kc4 Rf4+ 57. Kd5 Nc3+ 58. Kc5 Ne4+ 59. Kd5 Nc3+ 60. Kc5 Ne4+ 61. Kd5 Nc3+) 53. a4 {White is clearly winning.} Na2 54. Kc4 Rf3 55. Nd4 Rc3+ 56. Kb5 Rg3 57. Ne6+ Ke8 58. g5 {[%cal Bg4g5,Bg5g6][%mdl 32]} Re3 59. g6 Nc3+ 60. Kxb4 Nd5+ 61. Kc5 {White wants to mate with Kd6.} Nf6 62. Nd4 Rg3 63. Ra6 Rxg6 64. Kc4 Ke7 65. a5 Rg1 66. Re6+ Kf7 67. Re2 Ra1 68. b4 Nd7 69. Kb5 Rd1 70. Nc6 {Precision: White = 68%, Black = 34%.} 1-0